| 000 -LEADER |
| fixed length control field |
00340nam a22001457a 4500 |
| 003 - CONTROL NUMBER IDENTIFIER |
| control field |
OSt |
| 005 - DATE AND TIME OF LATEST TRANSACTION |
| control field |
20200617125932.0 |
| 008 - FIXED-LENGTH DATA ELEMENTS--GENERAL INFORMATION |
| fixed length control field |
200617b ||||| |||| 00| 0 eng d |
| 020 ## - INTERNATIONAL STANDARD BOOK NUMBER |
| International Standard Book Number |
9788415492610 |
| 082 ## - DEWEY DECIMAL CLASSIFICATION NUMBER |
| Classification number |
725.21 |
| Item number |
MOS |
| 100 ## - MAIN ENTRY--PERSONAL NAME |
| Personal name |
Mostaedi, Arian |
| 245 ## - TITLE STATEMENT |
| Title |
Shopdesign |
| 260 ## - PUBLICATION, DISTRIBUTION, ETC. (IMPRINT) |
| Place of publication, distribution, etc |
Spain |
| Name of publisher, distributor, etc |
Links International, |
| Date of publication, distribution, etc |
2013 |
| 942 ## - ADDED ENTRY ELEMENTS (KOHA) |
| Source of classification or shelving scheme |
|